| 000 | 00369ntaaa2200157 4500 | ||
|---|---|---|---|
| 003 | 01 | ||
| 005 | 20251027202435.0 | ||
| 008 | 0714s1973 ag 01 | ||
| 040 |
_aAR-BaBN _bspa _cAR-BaBN _eaacr _dRIC |
||
| 082 | _a266.0000 B | ||
| 100 |
_aBeagle, J. W. _923283 |
||
| 245 | _aPeople of the Jesus way | ||
| 250 |
_a1 ed. : _bs.l., _cn.f. |
||
| 650 | _aMisiones | ||
| 942 | _cBK | ||
| 999 |
_c19385 _d19385 |
||